[Event "London Classic op U2050-A 8th"]
[Site "London"]
[Date "2016.12.10"]
[Round "2"]
[White "Hafstad, Leif"]
[Black "Trazzi, Enrico"]
[Result "0-1"]
[WhiteElo "1613"]
[BlackElo "1942"]
[PlyCount "110"]
[EventDate "2016.12.09"]
[EventType "swiss"]
[EventRounds "5"]
[EventCountry "ENG"]
[SourceTitle "EXT 2019"]
[Source "ChessBase"]
[SourceDate "2018.10.10"]
[SourceVersion "1"]
[SourceVersionDate "2018.10.10"]
[SourceQuality "1"]

1. e4 d5 2. exd5 Nf6 3. d4 Nxd5 4. Nf3 g6 5. Be2 Bg7 6. 0-0 0-0 7. c3 Nc6 8. Nbd2 Nb6 9. Nc4 Be6 10. Ne3 Bc8 11. Qc2 e5 12. dxe5 Nxe5 13. Rd1 Qe7 14. Nxe5 Qxe5 15. Ng4 Qe7 16. Bf3 c6 17. Bf4 Bxg4 18. Bxg4 Qh4 19. h3 Nd5 20. Bg3 Qg5 21. Qd2 Qxd2 22. Rxd2 Bh6 23. Rd4 Bg7 24. Rd3 f5 25. Bf3 Nb6 26. b3 f4 27. Bh4 Bf6 28. Bxf6 Rxf6 29. Rad1 Re8 30. c4 Kf8 31. c5 Na8 32. Rd7 Rf7 33. Rxf7+ Kxf7 34. Rd7+ Re7 35. Bg4 Nc7 36. Kf1 Na6 37. Rd4 Nxc5 38. Rxf4+ Kg7 39. Rd4 Kf6 40. Be2 Ke5 41. Rc4 Kd6 42. Rd4+ Ke5 43. Rc4 Ne4 44. Ke1 Kd6 45. f4 c5 46. Kd1 b5 47. Rc2 b4 48. Bf3 Nc3+ 49. Kd2 a5 50. h4 Rf7 51. Ke3 Re7+ 52. Kd3 Rf7 53. Kd2 Rxf4 54. Rxc3 bxc3+ 55. Kxc3 Rxh4 0-1

[Event "Rivarolo Mantovano op"]
[Site "Rivarolo Mantovano"]
[Date "2003.10.12"]
[Round "2"]
[White "Trazzi, Enrico"]
[Black "Gozzi, Fabrizio"]
[Result "0-1"]
[WhiteElo "1642"]
[BlackElo "1812"]
[PlyCount "100"]
[EventDate "2003.10.11"]
[EventType "swiss"]
[EventRounds "6"]
[EventCountry "ITA"]
[SourceTitle "EXT 2007"]
[Source "ChessBase"]
[SourceDate "2006.11.23"]
[SourceVersion "1"]
[SourceVersionDate "2006.11.23"]
[SourceQuality "1"]

1. d4 Nf6 2. c4 d6 3. Nc3 e5 4. dxe5 dxe5 5. Qxd8+ Kxd8 6. Bg5 c6 7. Nf3 Nbd7 8. 0-0-0 Kc7 9. h3 Bb4 10. Bh4 Bxc3 11. bxc3 Ne4 12. Kc2 f6 13. Nd2 Ndc5 14. Nxe4 Nxe4 15. f3 Nc5 16. e4 Be6 17. Bf2 b6 18. Bxc5 bxc5 19. Be2 Rab8 20. Rb1 f5 21. exf5 Bxf5+ 22. Bd3 Bxd3+ 23. Kxd3 Rhd8+ 24. Kc2 Rxb1 25. Rxb1 Rf8 26. Re1 Kd6 27. Re4 Ke6 28. Kd3 g5 29. Ke3 Rb8 30. Kf2 Kf5 31. g3 Rb6 32. g4+ Kf6 33. Re2 Ra6 34. Ke3 Rb6 35. Kf2 Rb1 36. Rc2 a5 37. Kg2 a4 38. Kf2 a3 39. Kg2 Rb2 40. Rf2 e4 41. fxe4+ Ke5 42. Kf3 Rxf2+ 43. Kxf2 Kxe4 44. Ke2 h6 45. Kd2 Kf3 46. Kc2 Kg3 47. Kb3 Kxh3 48. Kxa3 Kxg4 49. Kb2 Kf5 50. a4 Ke6 0-1

[Event "Mantua Province-ch 03"]
[Site "Mantova"]
[Date "2002.12.14"]
[Round "4"]
[White "Trazzi, Enrico"]
[Black "Nicoletti, Francesco"]
[Result "0-1"]
[WhiteElo "1506"]
[BlackElo "1782"]
[PlyCount "56"]
[EventDate "2002.12.07"]
[EventType "swiss"]
[EventRounds "6"]
[EventCountry "ITA"]
[SourceTitle "EXT 2024"]
[Source "ChessBase"]
[SourceDate "2023.10.10"]
[SourceVersion "1"]
[SourceVersionDate "2023.10.10"]
[SourceQuality "1"]

1. d4 d5 2. c4 c6 3. cxd5 cxd5 4. Nc3 Nc6 5. e3 Nf6 6. Bb5 e6 7. Nf3 Be7 8. 0-0 0-0 9. Re1 Bd7 10. Bd2 a6 11. Bd3 Rc8 12. a3 Na5 13. Ne5 Be8 14. b3 Nd7 15. Nxd7 Bxd7 16. e4 Qb6 17. exd5 Qxd4 18. Bc2 Bf6 19. d6 Rc6 20. Re3 g6 21. Be1 Rfc8 22. Qd3 Qxd3 23. Rxd3 Bxc3 24. Bxc3 Rxc3 25. Rxc3 Rxc3 26. Be4 Nxb3 27. Re1 Nc5 28. Bf3 Rxa3 0-1